| 000 | 00471cam a2200181 4500 | ||
|---|---|---|---|
| 001 | D2126 | ||
| 008 | 090401t1983 xxu||||| |||| 00| 0 eng d | ||
| 035 | _a(Sirsi) u67540 | ||
| 041 | _aeng | ||
| 050 | _a001.64 | ||
| 110 |
_aC.A.L.U.S. _91849 |
||
| 245 | _aProperty and information technology: the future for the offices market | ||
| 260 |
_aReading _bCollege of Estate Management _c1983 |
||
| 300 | _a76p. 30cm | ||
| 350 | _a8.5 | ||
| 942 | _n0 | ||
| 948 | _c04/03/1997 | ||
| 999 |
_c95025 _d95025 |
||